00319nam a2200121Ia 45000030006000000080041000060400015000471000020000622450058000822600028001405460012001680050017001800STCL150530s9999 xx 000 0 und d aSTCLcSTCL aDouglas Jerrold aCandles curtain lectures and other stories and essays bOxford universityc1920 aEnglish20220125170651.0